Perspectives històriques sobre la política forestal a Catalunya / Eduard Parés i Espanyol, Santiago Guisan i Riera
Descripción Física:
40 p. : il. ; 30 cm
Otros Autores:
Guisan i Riera, Santiago
MARC
| LEADER | 00000nam a2200000Ia 4500 | ||
|---|---|---|---|
| 001 | 1343 | ||
| 008 | 160829s1981 xx 000 0 cat d | ||
| 080 | |a FU-17-20 | ||
| 100 | |a Parés i Español, Eduard |9 47202 | ||
| 245 | |a Perspectives històriques sobre la política forestal a Catalunya / Eduard Parés i Espanyol, Santiago Guisan i Riera | ||
| 260 | |a Barcelona : |b Diputació de Barcelona. Servei de Parcs Naturals, |c 1981 | ||
| 300 | |a 40 p. : |b il. ; |c 30 cm | ||
| 590 | |a Prové de S-732 | ||
| 650 | |a Explotació forestal |x Catalunya |x Història |9 47203 | ||
| 650 | |a Catalunya |x Política forestal |x Història |9 47204 | ||
| 700 | |a Guisan i Riera, Santiago |9 36285 | ||
| 710 | |a Barcelona (Catalunya : Província). |b Servei de Parcs Naturals |9 53492 | ||
| 901 | |a Arxiu | ||
| 942 | |n 1 | ||
| 952 | |0 0 |1 0 |4 0 |6 FU1720 |7 1 |9 53746 |a Arxiu |b Arxiu |d 2016-12-01 |l 0 |o FU-17-20 |p 1343 |r 2016-12-01 00:00:00 |w 2016-12-01 |y ARXIU | ||
| 999 | |c 57612 |d 57612 | ||